000 00357nam a2200145Ia 4500
008 230312s9999||||xx |||||||||||||| ||und||
020 _a978-8131734421
082 _a658.155
_bSUL-E
100 _aSullivan;William.G
245 0 _aEngineering Economy
260 _bPearsons
_aIndia
_c2017
300 _a668
650 _aEngineering
_vEconomics
942 _cBK
999 _c14339
_d14339